书目信息 |
| 题名: |
结构力学
|
|
| 作者: | 阳日 , 莫宣志 主编 | |
| 分册: | ||
| 出版信息: | 重庆 重庆大学出版社 1998.4 |
|
| 页数: | 273页 | |
| 开本: | 26cm | |
| 丛书名: | ||
| 单 册: | ||
| 中图分类: | TU311 | |
| 科图分类: | ||
| 主题词: | 建筑结构--理论 , 建筑结构--结构计算 | |
| 电子资源: | ||
| ISBN: | 7-5624-1680-X | |
| 000 | 00618nam0 2200217 45 | |
| 001 | 0260441966 | |
| 005 | 2002061016472196 | |
| 010 | @a7-5624-1680-X@dRMB 18.00 | |
| 100 | @a20020610d1998 km y0chiy0120 ea | |
| 101 | 0 | @achi |
| 102 | @aCN@b420000 | |
| 200 | 1 | @a结构力学@Ajie gou li xue@f阳日,莫宣志主编@Fyang ri,mo xuan zhi zhu bian |
| 210 | @a重庆@c重庆大学出版社@d1998.4 | |
| 215 | @a273页@d26cm | |
| 606 | 0 | @a建筑结构@x理论 |
| 606 | 0 | @a建筑结构@x结构计算 |
| 690 | @aTU311@v3 | |
| 701 | 0 | @a阳日@Ayang ri@4主编 |
| 701 | 0 | @a莫宣志@Amo xuan zhi@4主编 |
| 801 | 0 | @aCN@bPFT@c20020610 |
| 905 | @a10447@dTU311@eY134 | |
| 结构力学/阳日,莫宣志主编.-重庆:重庆大学出版社,1998.4 |
| 273页;26cm |
| ISBN 7-5624-1680-X:RMB 18.00 |
| ● |
| 相关链接 |
|
|
|
正题名:结构力学
索取号:TU311/Y134
 
预约/预借
| 序号 | 登录号 | 条形码 | 馆藏地/架位号 | 状态 | 备注 |
| 1 | 322732 | 203227329 | 自科二线404/404自科库 26排3列2层/ [索取号:TU311/Y134] | 在馆 | |
| 2 | 322733 | 203227338 | 自科二线404/404自科库 27排4列3层/ [索取号:TU311/Y134] | 在馆 | |
| 3 | 322734 | 203227347 | 建筑库101/101建筑库 78排1列4层/ [索取号:TU311/Y134] | 在馆 | |
| 4 | 361568 | 203615686 | 土木与交通工程学院资料室/土木与交通学院资料室 1排1列1层/ [索取号:TU311/Y134] | 在馆 | |
| 5 | 361569 | 203615695 | 建筑库101/ [索取号:TU311/Y134] | 在馆 |